000
00334nam a2200145Ia 4500
008
191201s2005 xx 000 0 und d
082
_a
621.815
_b
GIM
100
_a
GILL,P S
245
0
_a
Machine Drawing
250
_a
17th
260
_a
N.Delhi
_b
S K Kataria and Sons
_c
2005
300
_a
709
650
_a
B.Tech(ME)
942
_2
ddc
_c
BK
999
_c
993
_d
993